| 000 | 00597nam a2200145Ia 4500 | ||
|---|---|---|---|
| 008 | 180921t xxu||||| ||||o00| 0 eng d | ||
| 041 | _aeng | ||
| 080 | _aThe Ordinances Of Ceylon Nos.20-1930 | ||
| 245 | _aordinance No.20 of 1930.An ordinance To Amend ordinance No.15 of 1889 Intituled "An ordinance Relating To Land Surveyors, Auctioneers,And Brokers" [Date of Governor's Assent : November 22,1930.] [Date of Commencement : November 22,1930..] | ||
| 300 | _a24 cm | ||
| 650 | _aLand Surveyors, Auctioneers,And Brokers" | ||
| 942 | _cBK | ||
| 999 |
_c50007 _d50007 |
||
| 003 | LK-CoDNM | ||
| 040 |
_aLK-CoDNM _dLK-CoDNM _eLK-CoDNM |
||